zpět

Detail výsledku týmu

Harry, Brno

Datum a čas kvízu

33 Celkem bodů Celkový počet nahraných bodů na tomto kvízu bez doplňovacích otázek.
10. Pořadí na kvízu Konečné umístění týmu na tomto kvízu.

Zaznamenané odpovědi

# Otázka Odpověď Body Výsledky
1. Minulé úterý jsme si mohli pov... autismus, modrá barva 0
2. Aprílové žerty jsou populární... Volkswagen 0
3. V úterý začal vysílat v Česku... Warner TV 0
4. Minulý týden jsme se dozvěděli... Portál občana 1
5. Ve středu odstartoval ve Spoje... bronzové medaile 0
6. Nobelovu cenu za objev krevníc... Jan Janský 1
7. Ve kterém orgánu lidského těla... ve slezině 0
8. Vyberte nepravdivé tvrzení: B 1
9. Za půl bodu napište, jak se na... Alexej; hemofilie 0.5
10. Někteří bezobratlí živočichové... hemolymfa; krvomíza 0.5